| 000 | 00923cab a2200253 4500 | ||
|---|---|---|---|
| 001 | ABS60697 | ||
| 008 | 090401t1999 xxu||||| |||| 00| 0 eng d | ||
| 035 | _a(Sirsi) u93527 | ||
| 041 | _aeng | ||
| 100 | 1 | _aTew, W. | |
| 245 | _aSurveyors and planners join to launch rural vision | ||
| 260 | _c1999 | ||
| 350 | _a0 | ||
| 490 |
_aRural Practice Bulletin _vMarch/April 1999, 25-27(3) |
||
| 520 | _aLooks at some of the issues raised in the RICS, Royal Town Planning Institute, and Planning Officers' Society publication The countryside - a rural strategy. The report sets out a series of policies and recommendations to improve rural areas across Britain. | ||
| 650 | _aPLANNING OFFICERS` SOCIETY | ||
| 650 | _aROYAL TOWN PLANNING INSTITUTE | ||
| 650 | _aRURAL DEVELOPMENT | ||
| 650 | _aRURAL EMPLOYMENT | ||
| 650 | _aSUSTAINABLE MANAGEMENT | ||
| 690 | _aRURAL PRACTICE | ||
| 942 | _n0 | ||
| 948 | _c21/05/1999 | ||
| 999 |
_c59268 _d59268 |
||